| 000 | 00833cab a2200277 4500 | ||
|---|---|---|---|
| 001 | ABS51071 | ||
| 008 | 090401t1994 xxu||||| |||| 00| 0 eng d | ||
| 035 | _a(Sirsi) u7967 | ||
| 041 | _aeng | ||
| 245 | _aFocus `94: Merseyside, Cheshire and North Wales | ||
| 260 | _c1994 | ||
| 350 | _a0 | ||
| 490 |
_aEstates Gazette _v(9428) 16 July 1994, 69-117(20) |
||
| 650 | _aCHESHIRE | ||
| 650 | _aCHESTER | ||
| 650 | _aINDUSTRIAL MARKET | ||
| 650 | _aLIVERPOOL | ||
| 650 | _aMERSEYSIDE | ||
| 650 | _aNORTH WALES | ||
| 650 | _aPROPERTY-COMMERCIAL PROPERTY-OFFICE PROPERTY-OFFICE PROPERTY MARKET | ||
| 650 | _aPROPERTY-COMMERCIAL PROPERTY-RETAIL PROPERTY-RETAIL PROPERTY MARKET | ||
| 650 | _aWARRINGTON AND RUNCORN | ||
| 690 | _aPROPERTY-COMMERCIAL PROPERTY-COMMERCIAL PROPERTY MARKET | ||
| 942 | _n0 | ||
| 948 | _c04/03/1997 | ||
| 999 |
_c4851 _d4851 |
||